<?xml version="1.0" encoding="UTF-8"?>
<record
    xmlns:xsi="http://www.w3.org/2001/XMLSchema-instance"
    xsi:schemaLocation="http://www.loc.gov/MARC21/slim http://www.loc.gov/standards/marcxml/schema/MARC21slim.xsd"
    xmlns="http://www.loc.gov/MARC21/slim">

  <leader>00558nam a22001697a 4500</leader>
  <controlfield tag="003">NUST</controlfield>
  <controlfield tag="005">20250513101103.0</controlfield>
  <datafield tag="020" ind1=" " ind2=" ">
    <subfield code="a">9781987673630</subfield>
  </datafield>
  <datafield tag="082" ind1=" " ind2=" ">
    <subfield code="a">005.8,WEN</subfield>
  </datafield>
  <datafield tag="100" ind1=" " ind2=" ">
    <subfield code="a">Du, Wenlinag </subfield>
    <subfield code="9">111642</subfield>
  </datafield>
  <datafield tag="245" ind1=" " ind2=" ">
    <subfield code="a">Seed labs :  </subfield>
    <subfield code="b">Instructor manual /</subfield>
    <subfield code="c">Wenliang Du</subfield>
  </datafield>
  <datafield tag="260" ind1=" " ind2=" ">
    <subfield code="a">Lexington</subfield>
    <subfield code="b">USA</subfield>
    <subfield code="c">2018</subfield>
  </datafield>
  <datafield tag="300" ind1=" " ind2=" ">
    <subfield code="a">418 p</subfield>
  </datafield>
  <datafield tag="505" ind1=" " ind2=" ">
    <subfield code="a">Software Security (Page-3), Web Security (Page-89), Network Security (Page-137), Crypto (Page-265), System Security (Page-363), Mobile Security (Page-381).</subfield>
  </datafield>
  <datafield tag="648" ind1=" " ind2=" ">
    <subfield code="a">Seed labs manual</subfield>
    <subfield code="9">128941</subfield>
  </datafield>
  <datafield tag="942" ind1=" " ind2=" ">
    <subfield code="2">ddc</subfield>
    <subfield code="c">REF</subfield>
  </datafield>
  <datafield tag="999" ind1=" " ind2=" ">
    <subfield code="c">594408</subfield>
    <subfield code="d">594408</subfield>
  </datafield>
  <datafield tag="952" ind1=" " ind2=" ">
    <subfield code="0">0</subfield>
    <subfield code="1">0</subfield>
    <subfield code="2">ddc</subfield>
    <subfield code="4">0</subfield>
    <subfield code="7">0</subfield>
    <subfield code="a">MCS</subfield>
    <subfield code="b">MCS</subfield>
    <subfield code="c">REF</subfield>
    <subfield code="d">2023-03-31</subfield>
    <subfield code="o">005.8,WEN</subfield>
    <subfield code="p">MCS38317</subfield>
    <subfield code="r">2025-05-12</subfield>
    <subfield code="w">2023-03-31</subfield>
    <subfield code="y">REF</subfield>
    <subfield code="z">Almirah Fresh No.44, Shelf No.1</subfield>
  </datafield>
</record>
